Sizzle and burn / Jayne Ann Krentz.
Record details
- ISBN: 9780399154454
- Physical Description: 359 pages ; 24 cm.
- Publisher: New York : G. P. Putnam's Sons, c2008.
Content descriptions
| General Note: | "An Arcane Society novel"--Bk. jacket. |
Search for related items by subject
| Subject: | Psychic ability > Fiction. |
| Genre: | Romantic suspense fiction. |
Available copies
- 1 of 1 copy available at scottsboropl.
Holds
- 0 current holds with 1 total copy.
Show Only Available Copies
| Location | Call Number / Copy Notes | Barcode | Shelving Location | Status | Due Date |
|---|---|---|---|---|---|
| scottsboropl | F Kre | 32269001116097 | Adult - Fiction | Available | - |
| LDR | 00772pam a2200241 a 4500 | ||
|---|---|---|---|
| 001 | 117784 | ||
| 003 | CONS | ||
| 005 | 20140703073256.0 | ||
| 008 | 070709s2008 nyu 000 1 eng | ||
| 010 | . | ‡a 2007028161 | |
| 020 | . | ‡a9780399154454 | |
| 035 | . | ‡a(CPomAG)LMN316044 | |
| 050 | 0 | 0. | ‡aPS3561.R44 ‡bS54 2008 |
| 082 | 0 | 0. | ‡a813/.54 ‡222 |
| 100 | 1 | . | ‡aKrentz, Jayne Ann. |
| 245 | 1 | 0. | ‡aSizzle and burn / ‡cJayne Ann Krentz. |
| 260 | . | ‡aNew York : ‡bG. P. Putnam's Sons, ‡cc2008. | |
| 300 | . | ‡a359 pages ; ‡c24 cm. | |
| 500 | . | ‡a"An Arcane Society novel"--Bk. jacket. | |
| 650 | 0. | ‡aPsychic ability ‡vFiction. | |
| 655 | 7. | ‡aRomantic suspense fiction. ‡2gsafd | |
| 959 | . | ‡i32269001116097 ‡lF Kre ‡aAdult - Fiction ‡tFiction ‡g10.00 | |
| 852 | . | ‡p32269001116097 ‡jF Kre ‡gAdult - Fiction ‡cFiction ‡y10.00 ‡bSBPL | |
| 901 | . | ‡a117784 ‡bUnknown ‡c117784 ‡tbiblio | |